| 000 | 00948nam a2200301 i 4500 | ||
|---|---|---|---|
| 003 | EG-GICUC | ||
| 005 | 20260228110520.0 | ||
| 008 | 260127s1950 nyu||||fr|||| 001 0 eng d | ||
| 040 |
_aEG-GiCUC _bara _cEG-GiCUC _dEG-GiCUC _erda |
||
| 041 | 0 | _aeng | |
| 082 | 0 | 4 |
_221 _a341.8 _bCA |
| 092 | 0 | 4 | _221 |
| 099 | _aLaw1 12 341.8 CA 1950 | ||
| 245 | 0 | 3 | _aThe Cambridge history of british foreign policy / |
| 264 |
_aNew York : _b[The Cambridge history of british foreign policy], _c[1950]. |
||
| 300 |
_a628 pages ; _c24 cm |
||
| 336 |
_2rda content _atext |
||
| 337 |
_2rda media _aComputer |
||
| 338 |
_2rda carrier _aOnline Resource |
||
| 500 | _aIncludes index. | ||
| 504 | _a Includes bibliographical references. | ||
| 546 | _aText in English | ||
| 650 | 1 | 0 |
_aPrivate international law _2qrmak |
| 651 | 1 | _2qrmak | |
| 856 | 4 | 0 | _uhttps://fll.law.cu.edu.eg/fulltext/bks/B12-01825.pdf |
| 905 |
_a78 _eYara |
||
| 942 |
_2ddc _cBK _e21 _n0 |
||
| 999 |
_c59570 _d59570 |
||